• 首页
  • 本馆介绍
  • 公告通知
  • 最新文献
  • 馆藏检索
  • 电子资源
  • 读者导购
  • 参考咨询
  • 我的图书馆
  • 登录
  • 详细信息显示
  • 放入我的书架
  • 预约/预借图书
  • 作者相关作品
  • 分类相关作品
  • 丛书相关作品
  • 出版社相关作品

书目信息

  • 表格格式
  • 工作单格式
  • 卡片格式
题名:
应急管理新常态的多维度建构
    
 
作者: 张建 , 张溢洋 , 张乐 著
分册:  
出版信息: 成都   四川大学出版社  2021.5
页数: 178页
开本: 23cm
丛书名:
单 册:
中图分类: D035.29
科图分类:
主题词: 突发事件--tu fa shi jian--公共管理--研究
电子资源:
ISBN: 978-7-5690-2319-0
000 01431nam0 2200253 450
001 2159549638
005 20211011172912.0
010    @a978-7-5690-2319-0@dCNY39.00
100    @a20210706d2021 em y0chiy0120 ea
101 0  @achi
102    @aCN@b510000
105    @aa z 000yy
106    @ar
200 1  @a应急管理新常态的多维度建构@Aying ji guan li xin chang tai de duo wei du jian gou@f张建,张溢洋,张乐著
210    @a成都@c四川大学出版社@d2021.5
215    @a178页@c图@d23cm
330    @a本书异于以往多数从“常态”与“非常态”两类社会环境共同叙述的研究,以常态化应急管理工作为出发点,从一系列工作中总结出实践经验,力求对应急管理新常态下的系统应对进行多维度的处置建构,着力提升应急管理前瞻性总体谋划、科学化规律探索、高效能路径选择、强有力节点控制和长效性机制建设能力。“新常态”下,应以战略的眼光分析研判应急管理的必要性、重要性、长远性,遵循以人为本、依法防控、统筹规划、科学专业、群防群控、动态调整的基本原则,展开政治、经济、文化、社会、生态等总体布局。总结应急管理工作的主要经验,认识规律,把握规律,更要遵循规律和应用规律。本书深刻认识到应急管理的特殊重要性,扎实推进应急管理理论创新、实践创新、制度创新,为推动新时代应急管理事业改革发展作出应有贡献。
606 0  @a突发事件@Atu fa shi jian@x公共管理@x研究
690    @aD035.29@v5
701  0 @a张建@Azhang jian@4著
701  0 @a张溢洋@Azhang yi yang@4著
701  0 @a张乐@Azhang le@4著
801  0 @aCN@b百万庄@c20211009
905    @b1308648-651@dD035.29@e194@f4
    
    应急管理新常态的多维度建构/张建,张溢洋,张乐著.-成都:四川大学出版社,2021.5
    178页:图;23cm
    
    
    ISBN 978-7-5690-2319-0:CNY39.00
    本书异于以往多数从“常态”与“非常态”两类社会环境共同叙述的研究,以常态化应急管理工作为出发点,从一系列工作中总结出实践经验,力求对应急管理新常态下的系统应对进行多维度的处置建构,着力提升应急管理前瞻性总体谋划、科学化规律探索、高效能路径选择、强有力节点控制和长效性机制建设能力。“新常态”下,应以战略的眼光分析研判应急管理的必要性、重要性、长远性,遵循以人为本、依法防控、统筹规划、科学专业、群防群控、动态调整的基本原则,展开政治、经济、文化、社会、生态等总体布局。总结应急管理工作的主要经验,认识规律,把握规律,更要遵循规律和应用规律。本书深刻认识到应急管理的特殊重要性,扎实推进应急管理理论创新、实践创新、制度创新,为推动新时代应急管理事业改革发展作出应有贡献。
●
相关链接 在E读中查询图书 在五车中查询图书 在当当中查询图书 在豆瓣中查询图书


正题名:应急管理新常态的多维度建构     索取号:D035.29/194         预约/预借

序号 登录号 条形码 馆藏地/架位号 状态 备注
1 1308648   213086480   第一样本阅览室/ [索取号:D035.29/194] 在馆    
2 1308649   213086499   第一借阅区/ [索取号:D035.29/194] 在馆    
3 1308650   213086505   第一借阅区/ [索取号:D035.29/194] 在馆    
4 1308651   213086514   第一借阅区/ [索取号:D035.29/194] 在馆    
唐山师范学院图书馆 欢迎您!
大连网信软件有限公司© 版权所有